| 000 | 04931nam a22004697a 4500 | ||
|---|---|---|---|
| 005 | 20110818145351.0 | ||
| 010 | _aB-442128-144 | ||
| 020 |
_a9788190892797 _c200.00 |
||
| 035 | _aB-442128-144 | ||
| 037 | _bबल्यूबेरी/ | ||
| 082 | _a181.46 | ||
| 100 |
_aविवेकानन्द _933055 |
||
| 245 |
_aपत्र, भाषण और विचार / _cविवेकानन्द |
||
| 246 |
_aPatra, Bhashan or Vichar _bby Vivekanand |
||
| 260 |
_aहापुड़ _bकाव्य प्रकाशन _c2011 |
||
| 270 |
_aरेवती कुंज _bहापुड़ _e245101 |
||
| 300 |
_a128पृ _c22सेमी (सजिल्द) |
||
| 650 |
_bहिन्दी निबन्ध _933056 |
||
| 650 |
_bHindi Nibandha _933057 |
||
| 700 | _97228 | ||
| 700 | _97267 | ||
| 700 | _97698 | ||
| 942 |
_adpl _cHN _k _2ddc _mविवेका _h181.46 |
||
| 999 |
_c55613 _d55613 |
||